000 00377nam a2200157Ia 4500
003 Ost
005 20260225132552.0
008 260225s9999||||xx |||||||||||||| ||und||
040 _cfsic
041 _afre
082 _a440
100 _aDonald H.Sanders
_eAuteur
245 0 _aL'informatique :
245 0 _bun instrument de la gestion /
_cDonald H.Sanders
942 _cكتاب
999 _c34239
_d34239